000 02476nam0a2200373 i 4500
001 RU\NLR\BIBL_A\011543175
005 20260503054126.0
010 _a9785950020162
_9200
021 _aRU
_b2017-85144
_96077
035 _a(RuMoRGB)009448189
035 _a(NLR Aleph) 011543175
090 _a12206331
_c12206331
100 _a20171130d2017 km y0rusy50 ca
101 0 _arus
102 _aRU
105 _aa|||z|||100zy
200 1 _aТехнолого-экономическое образование: достижения, инновации, перспективы
_eмежвузовский сборник статей
_fXVII Всероссийская научно-практическая конференция с международным участием (г. Тула, 14-17 февраля 2017 г.)
_gМинистерство образования и науки Российской Федерации, Федеральное государственное бюджетное образовательное учреждение высшего образования "Тульский государственный педагогический университет им. Л. Н. Толстого"
_g[редакционная коллегия: ... к.т.н., доц. А.А. Потапов (отв. ред.) и др.]
210 _aТула
_cИзд-во ТГПУ им. Л.Н. Толстого
_d2017
215 _a254 с.
_cил., табл.
_d20
320 _aБиблиогр. в конце ст.
606 _aЭкономическое образование
_jСъезды, совещания и т.п.
_9905323
_3RU\NLR\AUTH\669886
606 _aТехнологическое образование
_jСъезды, совещания и т.п.
_92341361
_3RU\NLR\AUTH\661399489
686 _aУ.р(2)я431(2)
_2rubbk
686 _aЧ426.81,6(2)я431(2)
_2rubbk
686 _aЖ.р(2)3я431(2)
_2rubbk
686 1 _aЧ312.02я431
686 1 _aЧ459.3я431
702 1 _4340
_7ca
_8rus
_aПотапов
_bА. А.
_cканд. техн. наук
_gАлександр Александрович
_3RU\NLR\AUTH\770128603
_9128572
712 0 2 _4570
_aТульский государственный педагогический университет им. Л. Н. Толстого
_3RU\NLR\AUTH\8810024887
_9548005
942 _cBOOK
980 _aNBR